| 000 | 00533nam a2200157 i 4500 | ||
|---|---|---|---|
| 001 | 51991 | ||
| 003 | ES-MaACL | ||
| 005 | 20230906162502.0 | ||
| 007 | t| | ||
| 008 | 201022s1880 sp ||||1| spa d | ||
| 110 | 0 |
_aUniversidad Literaria de Salamanca. _97390 |
|
| 245 | 1 | 0 | _aMemoria sobre el estado de instrucción en esta Universidad... correspondiente al curso académico de 1879 a 1880. |
| 260 |
_aSalamanca : _b[s.n.], _c1880. |
||
| 610 | 2 | 4 |
_aUniversidad Literaria de Salamanca- _vMemorias. _9155720 |
| 852 |
_aES-MaACL _jT-393-F-7 |
||
| 999 |
_c51991 _d51991 |
||